01336nab a22002297a 4500003000400000005001700004008004100021040000700062100002400069245009300093260007300186300001300259500004400272505043200316505009000748650001600838650001800854650003000872650003200902650004000934773013200974OSt20250307102811.0190603e xxum|||| |||| 00| 0 spa d cPJ aMelo, Verónica E.13aLa inflación y sus efectos sobre la obligación del asegurador /cVerónica E. Melo. cCiudad Autónoma de Buenos Aires :aThomson Reuters La Ley, b2024. ap. 27-36 aCita Online: TR LALEY AR/DOC/951/2024.  aSumario: I. Introducción.— II. Efectos de la inflación sobre las relaciones jurídicas y las respuestas jurisprudenciales.— III. Obligaciones de dinero y de valor: su aplicación a la obligación del asegurador.— IV. El impacto de la inflación en el contrato de seguro y las pólizas de seguro.— V. La interpretación de la Corte Suprema de Justicia Nacional de la prohibición de indexar.— VI. Colofón. t¿Te interesa el texto completo? Solicitalo al correo: koha@justierradelfuego.gov.ar  0aINFLACIÓN 0aINDEMNIZACION 0aACTUALIZACIÓN MONETARIA 0aOBLIGACIONES DEL ASEGURADOR 0aOBLIGACIONES DE DAR SUMAS DE DINERO0 02713dCiudad Autónoma de Buenos Aires : Thomson Reuters La Ley, 2015-tRevista Código Civil y Comercial. Nº 3 - Junio 2024